Normal view
MARC view
Entry Personal Name
001 - CONTROL NUMBER
- control field: 5192
003 - CONTROL NUMBER IDENTIFIER
- control field: ARRUPE
005 - DATE AND TIME OF LATEST TRANSACTION
- control field: 20131205134748.0
008 - FIXED-LENGTH DATA ELEMENTS
- fixed length control field: 131205|| aca||aabn | a|a d
040 ## - CATALOGING SOURCE
- Original cataloging agency: ARRUPE
- Transcribing agency: ARRUPE
100 ## - HEADING--PERSONAL NAME
- Personal name: Finnström, Sverker.
670 ## - SOURCE DATA FOUND
- Source citation: Work cat.: (ARRUPE)0: Finnström, Sverker., Living with bad surroundings :, 2008.